000 00753cab a2200229 4500
001 WB3137-21
008 090401t1995 xxu||||| |||| 00| 0 eng d
035 _a(Sirsi) u15633
041 _aeng
245 _aColleges in drive to raise £650m
260 _c1995
350 _a0
490 _aFinancial Times
_v5 October 1995, 9(1)
520 _aAbout a third of all Further Education colleges are looking to private sector funding for up to £650m under the PFI to finance development projects.
650 _aEDUCATION BUILDINGS
650 _aFURTHER EDUCATION COLLEGES
650 _aPRIVATE FINANCE INITIATIVE
650 _aPRIVATE SECTOR FUNDING
690 _aPROPERTY-PROPERTY FINANCE AND INVESTMENT
942 _n0
948 _c04/03/1997
999 _c10277
_d10277